000 01004nam a2200265 i 4500
001 180237
003 ES-MaACL
005 20250805005701.0
008 120521m19972008sp | |||||||| | spa d
020 _a84-89794-08-1
080 _a821.134.2-3"15"
100 1 _aVega, Lope de,
_d1562-1635
_9113563
245 1 0 _aProsa /
_cLope de Vega ; [edición y prólogo de Donald McGrady].
260 _aMadrid :
_bEdiciones de la Fundación José Antonio de Castro,
_c1997-[2008]
300 _a3 v. ;
_c23 cm.
490 1 _aObras completas de Lope de Vega ;
_vv. 33-35
490 1 _aBiblioteca Castro
504 _aBibliografía.
505 8 _aContiene: V. 1. Arcadia. El peregrino en su patria. -- V. 2. Pastores de Belén. Novelas a Marcia. La Dorotea. -- V. 3. Epistolario, I (1604-1633)
700 1 _aMcGrady, Donald.
_9150049
830 0 0 _aObras completas de Lope de Vega
_vv. 33-35
_9191211
830 0 _aBiblioteca Castro
_9178957
852 _aES-MaACL
_jL-29850-52
999 _c180237
_d180237